000 00857nam a22002777a 4500
001 001131
003 DO-SdBNP
005 20171113133454.0
007 001131
008 160812b2004 cl a| |g|| 00| 0 spaspa
020 _a9789562392983
040 _aBPMSU
_bspa
_cBPMSU
082 4 _aCh861.44
_bN358s
100 1 _aNeruda, Pablo,
_d1904-1973
245 1 _aSus mejores poemas /
_cPablo Neruda ; seleción y prólogo José Miguel Ibáñez Langlois
260 _aChile :
_bEl Mercurio,
_bAguilar,,
_c2004.
300 _a148 p. :
_bil.,
_c24 cm.
490 1 _aEl mercurio Aguilar
650 4 _aPOESÍA CHILENA
650 4 _aLITERATURA CHILENA
700 1 _aIbáñez Langlois, José Miguel,
_epról.
_d1936-
830 0 _aEl mercurio Aguilar
942 _2ddc
_cBK
945 _aIvnentariado extranjero / 2017 VM
956 _aBTAVÁREZ
_b10
_c20161208
_d001131
999 _c11155
_d11155